000 00955cab a2200253 4500
001 ##L133544
008 060517n2006 000 0 eng u
035 _a(Sirsi) u133544
041 0 _aeng
100 1 _aBraun, Nick
245 0 0 _aGive yourself a tax break with a holiday let
260 _c2006
490 0 _aProperty Week
_v71(19) 12 May 2006, 25(1)
520 _aLooks at the tax benefits of furnished holiday lettings. This type of property qualifies for Business Asset Taper Relief, loss relief, and rollover relief. Lists the qualifying attributes of a furnished holiday letting and explains the types of relief.
590 _aIKA230506
650 2 4 _aBUSINESS ASSET TAPER RELIEF
650 2 4 _aLOSS RELIEF
650 2 4 _aROLL OVER RELIEF
650 2 4 _aCAPITAL GAINS TAX
650 2 4 _aINHERITANCE TAX
651 4 _aUnited Kingdom
_y
690 _aPROPERTY-COMMERCIAL PROPERTY-LEISURE PROPERTY-HOLIDAY AND GUEST PROPERTY
942 _n0
999 _c77077
_d77077